Get that in print (Record no. 73840)
[ view plain ]
| 000 -LEADER | |
|---|---|
| fixed length control field | 01288cam a2200217 4500 |
| 001 - CONTROL NUMBER | |
| control field | ABS67260 |
| 008 - FIXED-LENGTH DATA ELEMENTS--GENERAL INFORMATION | |
| fixed length control field | 031124n2003 000 0 eng u |
| 035 ## - SYSTEM CONTROL NUMBER | |
| System control number | (Sirsi) u124443 |
| 100 ## - MAIN ENTRY--PERSONAL NAME | |
| Personal name | Barnard, L. |
| 245 ## - TITLE STATEMENT | |
| Title | Get that in print |
| 260 ## - PUBLICATION, DISTRIBUTION, ETC. | |
| Date of publication, distribution, etc. | 2003 |
| 490 ## - SERIES STATEMENT | |
| Series statement | Estates Gazette |
| Volume/sequential designation | (0344) 1 November 2003, 158(1) |
| 520 ## - SUMMARY, ETC. | |
| Summary, etc. | Discusses the launch of the monthly free distribution "Primelocation" magazine with the founder of the residential website Primelocation.com, co-funded by some of the biggest residential agents in the business. The magazine will cover central, west and southwest London, be available only to Primelocation subscribers and undercut its competitors' advertising rates. Springett believes the launch timing to be very good despite falling house sale volumes and low interest rates. The magazine's aim is to raise the brand profile leading to increased visits to the website, rather than to make a profit. Some major market players are concerned about the longer-term viability of the whole Primelocation enterprise. |
| 590 ## - LOCAL NOTE (RLIN) | |
| Local note | ABS |
| 650 ## - SUBJECT ADDED ENTRY--TOPICAL TERM | |
| Topical term or geographic name entry element | RESIDENTIAL ESTATE AGENCY |
| 650 ## - SUBJECT ADDED ENTRY--TOPICAL TERM | |
| Topical term or geographic name entry element | RESIDENTIAL PROPERTY |
| 9 (RLIN) | 6266 |
| 650 ## - SUBJECT ADDED ENTRY--TOPICAL TERM | |
| Topical term or geographic name entry element | PRIMELOCATION |
| 650 ## - SUBJECT ADDED ENTRY--TOPICAL TERM | |
| Topical term or geographic name entry element | PORTALS |
| 690 ## - LOCAL SUBJECT ADDED ENTRY--TOPICAL TERM (OCLC, RLIN) | |
| Topical term or geographic name as entry element | PROPERTY-RESIDENTIAL PROPERTY-RESIDENTIAL PROPERTY MARKET |
| 942 ## - ADDED ENTRY ELEMENTS (KOHA) | |
| Suppress in OPAC | 0 |
| Withdrawn status | Lost status | Source of classification or shelving scheme | Damaged status | Not for loan | Home library | Current library | Shelving location | Date acquired | Total Checkouts | Full call number | Barcode | Date last seen | Copy number | Price effective from | Koha item type |
|---|---|---|---|---|---|---|---|---|---|---|---|---|---|---|---|
| Dewey Decimal Classification | London | London | Journal article | 24/11/2003 | ABS67260 | 124443-1001 | 06/08/2019 | 1 | 06/08/2019 | Journal article |